| 000 | 01109ngm a22003610a 4500 | ||
|---|---|---|---|
| 001 | PT13984 | ||
| 003 | AR-LpoUNG | ||
| 005 | 20210202000531.0 | ||
| 007 | vd cvaizq | ||
| 008 | 191001s1998||||ag |||||||||||||||||spa d | ||
| 037 | _c$33.33 | ||
| 040 |
_aAR-LpoUNG _bspa _cAR-LpoUNG _eaacr |
||
| 041 | _aspa | ||
| 044 | _aag | ||
| 082 | 0 | _a909.8 591v11 p1 | |
| 245 | 1 | 0 |
_a1973-1983, de las armas a las urnas : _bde los militares a la democracia |
| 260 |
_aBuenos Aires : _bArte Gráfico Editorial Argentino, _c1998. |
||
| 300 | _aVHS (35 min.) : son., col. | ||
| 520 | _aSumario: Golpe de estado en Chile; Salvador Allende; Montoneros; La muerte de Perón; El mundial de Alemania; El gobierno de Isabelita; Videla; La triple A; Argentina gana la copa del mundo. | ||
| 650 | 4 | _aAUTORITARISMO | |
| 650 | 4 | _aCHILE | |
| 650 | 4 | _aECOLOGIA | |
| 650 | 4 | _aESPAÑA | |
| 650 | 4 | _aFUERZAS ARMADAS | |
| 650 | 4 | _aIGLESIA | |
| 650 | 4 | _aLITERATURA | |
| 650 | 4 | _aPOLITICA ECONOMICA | |
| 650 | 4 | _aVIOLENCIA | |
| 653 | _aVIDEOS | ||
| 710 | 2 | _aClarín (Buenos Aires) | |
| 905 | _a13984 | ||
| 942 | _cVIDEO | ||
| 999 |
_c55054 _d55054 |
||